00985nam a2200217 a 450000100060000000300080000600500170001400800390003103500190007004000320008904100080012108200260012911100860015524502600024126000390050130000250054050000730056565000290063865000430066771000570071028524BD-RjUL20211209051308.0140331s1990 nyu i100 0 eng a(BD-RjUL)28605 aDLCcDLCdDLCdBD-RjULbeng aeng00a327.174220bUND 19902 aUnited Nations Regional Disarmament Workshop for Africad(1989 :cLagos, Nigeria)10aDisarmament :bAfrican security perceptions and requirements including related regional issues : disarmament fellowship, training, and advisory services programme /cUnited Nations Regional Disarmament Workshop for Africa, Lagos, Nigeria, 3-7 April, 1989. aNew York :bUnited Nations,c1990. aix, 118 p. ;c28 cm. aAt head of title: United Nations Department for Disarmament Affairs. 0aDisarmamentxCongresses. 0aNational securityzAfricaxCongresses.1 aUnited Nations.bDepartment for Disarmament Affairs.